000 01043nam a2200313Ia 4500
003 OSt
005 20221006153712.0
006 a|||||r|||| 00| 0
007 ta
008 221006b |||||||| |||| 00| 0 eng d
020 _a9780824827717
024 _a33,088
037 _bGift, Japan Foundation
_cAnnuals, Advances
040 _aEASL
_cEASL
_beng
041 _2eng
_aeng
082 _aQ45v, N9
100 _aStone Jacqueline I. Au.
_9592141
245 0 _aOrigional Enlightenment and the transformation of medieval Japanese Buddhism
260 _aHonolulu
_bUniversity of Hawai,i Press
_c1999
300 _a565p.
_ccm.
490 _v JEL
_aStudies in East Asian Buddhism 12
650 _a Buddhahood - History
_9665013
650 _a Buddhism - Japan - History
650 _a JEL
650 _a Tendai Sect - relations - history
_9665014
650 _aTendai - Doctrines - History
_9665015
942 _hQ45v, N9
_cREF
_2CC
999 _c1101174
_d1101174